Čím sa zaoberá makroekonómia
Predmet a metódy makroekonómie. Vedecké skúmanie a vysvetľovanie v ekonomickej vede.
Salvato in:
| Autore principale: | |
|---|---|
| Natura: | Capitolo di libro |
| Lingua: | slovacco |
| Soggetti: | |
| Tags: |
Nessun Tag, puoi essere il primo ad aggiungerne!!
|
MARC
| LEADER | 00000naa a2200000 4500 | ||
|---|---|---|---|
| 001 | r042159 | ||
| 005 | 20230918081034.1 | ||
| 041 | 0 | |a slo | |
| 044 | |a SK | ||
| 245 | 1 | 0 | |a Čím sa zaoberá makroekonómia |c Jaroslav Husár |
| 520 | |a Predmet a metódy makroekonómie. Vedecké skúmanie a vysvetľovanie v ekonomickej vede. | ||
| 610 | 2 | 0 | |a veda ekonomická |
| 610 | 2 | 0 | |a makroekonomika |
| 610 | 2 | 0 | |a hospodárstvo národné |
| 610 | 2 | 0 | |a systémy ekonomické |
| 610 | 2 | 0 | |a teórie ekonomické |
| 100 | 1 | |a Husár, Jaroslav | |